Mel Gibson Movies Quiz Stats

 Plays Quiz Updated Dec 31, 2020

     
Support Sporcle.
Go Orange.
Score 0/45 Timer 08:00
6 Plays Today
Year Movie Title % Correct
1995Braveheart
91.3%
1987Lethal Weapon
86.8%
1989Lethal Weapon 2
85.1%
1992Lethal Weapon 3
84.5%
1979Mad Max
84.4%
1998Lethal Weapon 4
82.5%
1985Mad Max Beyond Thunderdome
72.1%
1981The Road Warrior
71.4%
2000What Women Want
67.5%
2000The Patriot
64.4%
1995Pocahontas
53.7%
2000Chicken Run
51.2%
1996Ransom
47.7%
2002We Were Soldiers
43.6%
1999Payback
40.8%
1997Conspiracy Theory
35%
2002Signs
33.8%
2014The Expendables 3
32%
2017Daddy's Home 2
31.8%
1990Bird on A Wire
28.5%
1993The Man Without A Face
26.4%
1984The Bounty
25.7%
1992Forever Young
23.2%
Year Movie Title % Correct
1994Maverick
22.2%
2012Get the Gringo
22.2%
1981Gallipoli
21.9%
2011The Beaver
20%
2020Fatman
18.5%
2010Edge of Darkness
18.5%
1990Hamlet
17.3%
1990Air America
16.9%
1988Tequila Sunrise
16%
2018Dragged Across Concrete
14.3%
2016Blood Father
13.1%
2019The Professor and the Madman
12.8%
1983The Year of Living Dangerously
12.6%
2013Machete Kills
12.1%
1979Tim
11.4%
2003The Singing Detective
8.9%
1984The River
8.9%
2000The Million Dollar Hotel
8%
2020Force of Nature
7.3%
1984Mrs. Soffel
6.1%
1982Attack Force Z
5.1%
1976Summer City
4.6%

From the Vault

600 Home Runs Photos

by scole9179

Sports 2m
No kidding around here. This is one elite club.
Remove Ads.
Support Sporcle.
Get the best of Sporcle when you Go Orange. This ad-free experience offers more features, more stats, and more fun while also helping to support Sporcle. Thank you for becoming a member.

Show Comments

Extras

Top Quizzes Today


Score Distribution

Your Account Isn't Verified!

In order to create a playlist on Sporcle, you need to verify the email address you used during registration. Go to your Sporcle Settings to finish the process.

Report this User

Report this user for behavior that violates our Community Guidelines.

Details: